000 00756nam a22002297a 4500
005 20170124110012.0
010 _aB-059659
020 _c00.00
_a8121510392
035 _aB-059659
037 _bCen Lib/Ret
040 _aDPL
_bEN
082 _a304.854
_bHIN
245 _aHindu diaspora global perspectives /
_cedited by T. S. Rukmani
260 _aNew Delhi
_bMunshiram Manoharlal Publishers
_c2001
270 _aPost Box 5715, 54 Rani Jhansi Road
_bNew Delhi
_e110055
300 _axx,473p.
_c22cm(Hb)
500 _aIncludes bibliographical reference and index
650 _aHindu diaspora -- Congresses
_917896
650 _aHinduism -- Congresses
_917897
700 _aRukmani, T. S.
_917898
942 _2ddc
_cEN
_h304.854
_mHIN
999 _c126582
_d126582